The first book of Microsoft Word 5.5 (Record no. 67778)

000 -LEADER
fixed length control field 00450nam a22001697a 4500
003 - CONTROL NUMBER IDENTIFIER
control field NUST - PNEC
005 - DATE AND TIME OF LATEST TRANSACTION
control field 20170116181032.0
008 - FIXED-LENGTH DATA ELEMENTS--GENERAL INFORMATION
fixed length control field 150919b xxu||||| |||| 00| 0 eng d
020 ## - INTERNATIONAL STANDARD BOOK NUMBER
International Standard Book Number 0672273330
040 ## - CATALOGING SOURCE
Transcribing agency LIBRARY
082 ## - DEWEY DECIMAL CLASSIFICATION NUMBER
Classification number 001.6424 HES
100 ## - MAIN ENTRY--PERSONAL NAME
9 (RLIN) 11149
Personal name Heslop, Brent D
245 ## - TITLE STATEMENT
Title The first book of Microsoft Word 5.5
Statement of responsibility, etc. Brent D Heslop
250 ## - EDITION STATEMENT
Edition statement 2nd ed.
650 ## - SUBJECT ADDED ENTRY--TOPICAL TERM
9 (RLIN) 11152
Topical term or geographic name entry element Word processing
General subdivision MIS, Computer
942 ## - ADDED ENTRY ELEMENTS (KOHA)
Source of classification or shelving scheme
Koha item type Book
Holdings
Withdrawn status Lost status Source of classification or shelving scheme Damaged status Not for loan Permanent Location Current Location Shelving location Date acquired Total Checkouts Full call number Barcode Date last seen Price effective from Koha item type
          Pakistan Navy Engineering College (PNEC) Pakistan Navy Engineering College (PNEC)       005.52 HES PNECLIB-015976 09/19/2015   Book
© 2023 Central Library, National University of Sciences and Technology. All Rights Reserved.